Académiciens ou non ? - Mort Subite - Statistiques

Statistiques générales
  • Ce quiz a été pris 10 fois
  • Le résultat moyen est 3 sur 8
Answers on the Grid
Answers color-coded by a green-red scale on the quiz's grid according to % correct below.
Molière
Richelieu
Blaise Pascal
Montesquieu
Jean-Jacques Rousseau
Honoré de Balzac
Victor Hugo
Louis Pasteur
Gustave Flaubert
Anatole France
Charles Baudelaire
Marguerite Yourcenar
Léopold Sédar Senghor
Emile Zola
Marcel Proust
Jean d'Ormesson
Albert Camus
 
Statistiques - réponses
Réponse % Correct
Marguerite Yourcenar
100%
Jean d'Ormesson
70%
Léopold Sédar Senghor
60%
Victor Hugo
30%
Montesquieu
20%
Richelieu
20%
Anatole France
10%
Louis Pasteur
0%
Aucun quiz correspondant
Distribution des résultats
% des personnes avec chaque résultat
Percentile par nombre de réponses
Votre historique - résultats
Vous n’avez pas pris ce quiz